The way we communicate... : Video, audio & multimedia systems [

Bibliographic Details
Format: Book
Published: New Jersey : Meridian Education Corporation , 2001
Subjects:

MARC

LEADER 00000cam a2200000 7i4500
001 0000014148
005 20110720.0
040 |a INS 
090 0 0 |a VCD 688 
245 1 0 |a The way we communicate... :   |b Video, audio & multimedia systems [  |h video disc] 
260 |a New Jersey :   |b Meridian Education Corporation ,   |c 2001 
300 |a 1 videodisc (16 min.) :   |b sd., col. ;   |c 4 3/4 in. 
505 1 |a Also available in vhs format :VHS 688 
650 0 0 |a Communication and technology 
999 |a 1029   |b VIDEO   |c Open Shelf   |e Default branch 
999 |a VCD0000688   |b VIDEO CD   |c Media Collection   |e Default branch